000 01194cab a22002055a 4500
001 L140921
008 071017s2007 xxkd f s 000 0 eng d
035 _a(Sirsi) u140921
041 _aeng
110 2 _aHome Builders Federation
_94896
245 _aHBF regional survey of house builders
_bAugust 2007
260 _c2007
490 _aHousing Market Report
_v(184) September 2007, 7-11(5)
520 _aFinds that site visitors in August were below the levels of a year ago for the eighth consecutive month, showing a drop of 30%. House builders have seen the sharpest year-on-year decline in net reservations since July 2005. Numbers of site visitors also declined. New home prices recovered by 3% after a similar dip the previous month. The use of incentives by housebuilders continued to increase markedly. House builders continued to increase their use of sales incentives, showing an increase of 36%. Despite the falling demand, there is optimism that sales in 2007 will outstrip 2006.
590 _aKA
650 2 4 _aHBF REGIONAL SURVEY OF HOUSE BUILDERS
651 4 _aEngland and Wales
_y1543-
690 _aPROPERTY-RESIDENTIAL PROPERTY-RESIDENTIAL PROPERTY MARKET
942 _n0
999 _c79374
_d79374